Crónica de la provincia de Cáceres / (Record no. 182580)

MARC details
000 -LEADER
campo de control de longitud fija 01078nam a2200217 i 4500
001 - NÚMERO DE CONTROL
campo de control 182580
003 - IDENTIFICADOR DE NÚMERO DE CONTROL
campo de control ES-MaACL
005 - FECHA Y HORA DE LA ÚLTIMA TRANSACCIÓN
campo de control 20240514173352.0
008 - DATOS DE LONGITUD FIJA--INFORMACIÓN GENERAL
campo de control de longitud fija 130930s1870 sp a | |||||||| | spa d
080 ## - NÚMERO DE LA CLASIFICACIÓN DECIMAL UNIVERSAL
Número de la Clasificación Decimal Universal 908(460.251)
100 1# - ENTRADA PRINCIPAL--NOMBRE DE PERSONA
Nombre de persona Pérez de Guzmán y Gallo, Juan,
Fechas asociadas al nombre 1841-1928
9 (RLIN) 90777
245 10 - MENCIÓN DEL TÍTULO
Título Crónica de la provincia de Cáceres /
Mención de responsabilidad, etc. por Juan P. de Guzmán.
260 ## - PUBLICACIÓN, DISTRIBUCIÓN, ETC.
Lugar de publicación, distribución, etc. Madrid :
Nombre del editor, distribuidor, etc. Rubio, Grilo y Vitturi,
Fecha de publicación, distribución, etc. 1870.
300 ## - DESCRIPCIÓN FÍSICA
Extensión VIII, 64 p., [3] h. de lám., [1] h. de mapas :
Otras características físicas il. ;
Dimensiones 32 cm.
490 1# - MENCIÓN DE SERIE
Mención de serie Crónica general de España, o sea historia ilustrada y descriptiva de sus provincias, sus poblaciones más importantes de la península y de ultramar
651 #4 - PUNTO DE ACCESO ADICIONAL DE MATERIA--NOMBRE GEOGRÁFICO
Nombre geográfico Cáceres (Provincia)-
Subdivisión general Historia.
9 (RLIN) 153481
651 #4 - PUNTO DE ACCESO ADICIONAL DE MATERIA--NOMBRE GEOGRÁFICO
Nombre geográfico Cáceres (Provincia)-
Subdivisión general Descripción.
9 (RLIN) 153482
830 0# - PUNTO DE ACCESO ADICIONAL DE SERIE-TÍTULO UNIFORME
Título uniforme Crónica general de España, o sea Historia ilustrada y descriptiva de sus provincias, sus poblaciones más importantes de la península y posesiones de Ultramar
9 (RLIN) 224862
852 ## - LOCALIZACIÓN
Ubicación ES-MaACL
Número de control de estantería C-1582(1)
Nota libre .- Encuadernado con otras obras
Holdings
Estatus retirado Estado de pérdida Estado de daño No para préstamo Colección Biblioteca de origen Biblioteca actual Ubicación en estantería Fecha de adquisición Fuente de adquisición Total de préstamos Signatura topográfica completa Código de barras Visto por última vez Precio de reemplazo Tipo de ítem Koha
        Libros del s. XIX Biblioteca del Ateneo de Madrid Biblioteca del Ateneo de Madrid Sala Palomar 30/09/2013     C-1582(1) 1191878 23/02/2023 23/02/2023 Libro impreso antiguo